000 00671nam a2200253Ia 4500
003 OSt
005 20220918193205.0
006 a|||||r|||| 00| 0
007 ta
008 220917b |||||||| |||| 00| 0 eng d
024 _a72,200
037 _cTextual
040 _aARTS
_cARTS
_beng
041 _2eng
_aeng
082 _aR4(V1:19(zM)), M4
100 _aJohnson James Turner
_981195
245 0 _aCan modern war be just?
260 _aNew Haven
_bYale Univ Press
_c1984
300 _axi,215p.
_ccm.
500 _aBib 207-11p
650 _aETHICS
942 _hR4(V1:19(zM)), M4
_cTEXL
_2CC
999 _c198204
_d198204